000 03610nam a22005055i 4500
001 978-3-030-49123-9
003 DE-He213
005 20200904105233.0
007 cr nn 008mamaa
008 200811s2021 gw | s |||| 0|eng d
020 _a9783030491239
_9978-3-030-49123-9
024 7 _a10.1007/978-3-030-49123-9
_2doi
050 4 _aTJ212-225
072 7 _aTJFM
_2bicssc
072 7 _aTEC004000
_2bisacsh
072 7 _aTJFM
_2thema
082 0 4 _a629.8
_223
245 1 0 _aRecent Advances in Control Problems of Dynamical Systems and Networks
_h[electronic resource] /
_cedited by Ju H. Park.
250 _a1st ed. 2021.
264 1 _aCham :
_bSpringer International Publishing :
_bImprint: Springer,
_c2021.
300 _aXXXIX, 527 p. 160 illus., 143 illus. in color.
_bonline resource.
336 _atext
_btxt
_2rdacontent
337 _acomputer
_bc
_2rdamedia
338 _aonline resource
_bcr
_2rdacarrier
347 _atext file
_bPDF
_2rda
490 1 _aStudies in Systems, Decision and Control,
_x2198-4182 ;
_v301
505 0 _aLinear and Nonlinear Dynamic Systems -- Switched Systems and Hybrid Control -- Fractional-Order Systems -- Dynamical Networks -- Index.
520 _aThis edited book introduces readers to new analytical techniques and controller design schemes used to solve the emerging “hottest” problems in dynamic control systems and networks. In recent years, the study of dynamic systems and networks has faced major changes and challenges with the rapid advancement of IT technology, accompanied by the 4th Industrial Revolution. Many new factors that now have to be considered, and which haven’t been addressed from control engineering perspectives to date, are naturally emerging as the systems become more complex and networked. The general scope of this book includes the modeling of the system itself and uncertainty elements, examining stability under various criteria, and controller design techniques to achieve specific control objectives in various dynamic systems and networks. In terms of traditional stability matters, this includes the following special issues: finite-time stability and stabilization, consensus/synchronization, fault-tolerant control, event-triggered control, and sampled-data control for classical linear/nonlinear systems, interconnected systems, fractional-order systems, switched systems, neural networks, and complex networks. In terms of introducing graduate students and professional researchers studying control engineering and applied mathematics to the latest research trends in the areas mentioned above, this book offers an excellent guide. .
650 0 _aControl engineering.
650 0 _aComputational intelligence.
650 1 4 _aControl and Systems Theory.
_0https://scigraph.springernature.com/ontologies/product-market-codes/T19010
650 2 4 _aComputational Intelligence.
_0https://scigraph.springernature.com/ontologies/product-market-codes/T11014
700 1 _aPark, Ju H.
_eeditor.
_4edt
_4http://id.loc.gov/vocabulary/relators/edt
710 2 _aSpringerLink (Online service)
773 0 _tSpringer Nature eBook
776 0 8 _iPrinted edition:
_z9783030491222
776 0 8 _iPrinted edition:
_z9783030491246
776 0 8 _iPrinted edition:
_z9783030491253
830 0 _aStudies in Systems, Decision and Control,
_x2198-4182 ;
_v301
856 4 0 _uhttps://doi.org/10.1007/978-3-030-49123-9
912 _aZDB-2-INR
912 _aZDB-2-SXIT
999 _c461462
_d461462